| 000 | nam a22 7a 4500 | ||
|---|---|---|---|
| 999 |
_c66185 _d66185 |
||
| 005 | 20251112105941.0 | ||
| 008 | 251112b xxu||||| |||| 00| 0 eng d | ||
| 020 | _a84-243-1591-x | ||
| 040 | _aANE | ||
| 041 | _aEs | ||
| 082 | _a863g216 T10 | ||
| 100 | _aGarcía Corella, Laura | ||
| 245 | _aAlarma en Venecia | ||
| 260 |
_aEspaña _bLaida _c1979 |
||
| 300 | _a132 p. | ||
| 942 |
_2ddc _cBK _zNr. |
||